| 000 | 00738nam a2200217Ia 4500 | ||
|---|---|---|---|
| 003 | OSt | ||
| 005 | 20250208120625.0 | ||
| 008 | 210210b2013 xxu||||| |||| 00| 0 eng d | ||
| 020 | _a9789382432173 | ||
| 040 | _cAL | ||
| 041 | _ahin | ||
| 082 | _aH891.109 KAMN | ||
| 100 |
_aKAMBLE (Pravin) _9198585 |
||
| 110 |
_bकांबले (प्रवीण) _9198586 |
||
| 245 |
_aNirgun kavy mein samajik chethna aur santh ravidas ka yogdaan: _bनिर्गुण काव्य में सामाजिक चेतना और संत रविदास का योगदान |
||
| 260 |
_aKanpur _bAman Prakashan _c2013 |
||
| 300 | _a288 | ||
| 690 |
_aHindi Criticism _9198587 |
||
| 906 | _a068604 | ||
| 942 |
_2ddc _cBK |
||
| 999 |
_c153046 _d153046 |
||